=LDR 00000nam 2200000 4500 =001 INLIS000000000014068 =005 20130612105353 =008 ***********************************Ind** =035 ##$$0010-061300000014068 =041 ##$$a Ind =082 ##$$a 355.1 =090 ##$$a 355.1, Wir i =100 ##$$a Wirahadikusumah, Agus =245 ##$$a Indonesia baru dan tantangan TNI, Pemikiran masa depan, Agus Wirahadikusumah =260 ##$$a 1999 $b Jakarta =300 ##$$a xiv, 342 hlm, Ilus, 22 cm =650 ##$$a Kehidupan militer =850 ##$$a NBPNMAT